[Event "46th Greek Team Championship"]
[Site "chess24.com"]
[Date "2018.07.14"]
[Round "6"]
[White "Gkikas, Vasilios"]
[Black "Patrelakis, Evaggelos"]
[Result "1/2-1/2"]
[Board "8"]
[WhiteElo "1892"]
[WhiteCountry "GRE"]
[WhiteFideId "4256662"]
[WhiteEloChange "8"]
[BlackElo "2285"]
[BlackCountry "GRE"]
[BlackFideId "4295102"]
[BlackEloChange "-8"]

1. d4 {[%clk 1:28:36]} Nf6 {[%clk 1:30:48]} 2. c4 {[%clk 1:28:21]} g6 {[%clk
1:31:12]} 3. Nc3 {[%clk 1:26:21]} Bg7 {[%clk 1:31:34]} 4. e4 {[%clk 1:26:31]} d6
{[%clk 1:31:58]} 5. f3 {[%clk 1:26:44]} O-O {[%clk 1:32:17]} 6. Be3 {[%clk
1:27:10]} e5 {[%clk 1:32:06]} 7. Nge2 {[%clk 1:25:50]} exd4 {[%clk 1:31:24]} 8.
Nxd4 {[%clk 1:25:50]} Re8 {[%clk 1:30:29]} 9. Be2 {[%clk 1:22:34]} c6 {[%clk
1:29:22]} 10. Bf2 {[%clk 1:22:52]} Nbd7 {[%clk 1:22:41]} 11. O-O {[%clk 1:17:00]}
Ne5 {[%clk 1:20:59]} 12. Re1 {[%clk 1:06:52]} Nh5 {[%clk 1:11:45]} 13. Bf1 {[%clk
1:00:26]} a6 {[%clk 1:07:58]} 14. a4 {[%clk 0:52:54]} Bh6 {[%clk 0:57:29]} 15. b3
{[%clk 0:42:40]} Qf6 {[%clk 0:42:01]} 16. Be3 {[%clk 0:28:23]} Bxe3+ {[%clk
0:33:50]} 17. Rxe3 {[%clk 0:28:40]} Qg5 {[%clk 0:33:52]} 18. Nc2 {[%clk 0:24:19]}
f5 {[%clk 0:17:25]} 19. exf5 {[%clk 0:15:58]} Bxf5 {[%clk 0:17:42]} 20. Ne4
{[%clk 0:16:23]} Qf4 {[%clk 0:13:34]} 21. Re1 {[%clk 0:07:13]} Rad8 {[%clk
0:11:59]} 22. Nb4 {[%clk 0:04:49]} a5 {[%clk 0:09:01]} 23. Nd3 {[%clk 0:05:09]}
Nxd3 {[%clk 0:09:25]} 24. Bxd3 {[%clk 0:05:28]} Kg7 {[%clk 0:07:28]} 25. Qc2
{[%clk 0:03:04]} Qe5 {[%clk 0:06:22]} 26. Qf2 {[%clk 0:02:25]} Nf4 {[%clk
0:05:34]} 27. Ng3 {[%clk 0:01:25]} Nxd3 {[%clk 0:05:33]} 28. Rxe5 {[%clk
0:01:49]} Nxf2 {[%clk 0:05:54]} 29. Nxf5+ {[%clk 0:01:56]} gxf5 {[%clk 0:06:14]}
30. Rxe8 {[%clk 0:02:18]} Nh3+ {[%clk 0:06:39]} 31. gxh3 {[%clk 0:02:44]} Rxe8
{[%clk 0:07:07]} 32. Kf2 {[%clk 0:03:04]} Kf6 {[%clk 0:06:42]} 33. Rd1 {[%clk
0:02:33]} Rd8 {[%clk 0:06:01]} 34. f4 {[%clk 0:02:21]} d5 {[%clk 0:05:31]} 35.
Kf3 {[%clk 0:01:41]} Rd7 {[%clk 0:04:31]} 36. Rd2 {[%clk 0:01:16]} Ke6 {[%clk
0:03:44]} 37. Re2+ {[%clk 0:01:21]} Kd6 {[%clk 0:03:31]} 38. Re5 {[%clk 0:01:02]}
Rf7 {[%clk 0:03:09]} 39. Ke3 {[%clk 0:01:00]} Re7 {[%clk 0:02:30]} 40. c5+ {[%clk
0:31:20]} Kd7 {[%clk 0:32:59]} 41. Kd4 {[%clk 0:31:41]} Rf7 {[%clk 0:28:13]} 42.
Kc3 {[%clk 0:29:14]} Rf6 {[%clk 0:26:42]} 43. Kd4 {[%clk 0:29:15]} Rh6 {[%clk
0:24:34]} 44. Rxf5 {[%clk 0:28:50]} Rxh3 {[%clk 0:24:56]} 45. Rf7+ {[%clk
0:29:16]} Kc8 {[%clk 0:24:36]} 46. Ke5 {[%clk 0:29:22]} Rxh2 {[%clk 0:23:11]} 47.
Kd6 {[%clk 0:28:58]} Rh6+ {[%clk 0:21:37]} 48. Ke5 {[%clk 0:29:22]} Rh3 {[%clk
0:21:08]} 49. Kd6 {[%clk 0:29:25]} Kb8 {[%clk 0:19:32]} 50. f5 {[%clk 0:29:36]}
Rxb3 {[%clk 0:18:53]} 51. Rxh7 {[%clk 0:29:54]} Rf3 {[%clk 0:17:44]} 52. Rh8+
{[%clk 0:29:39]} Ka7 {[%clk 0:18:13]} 53. Ke6 {[%clk 0:29:39]} Re3+ {[%clk
0:13:23]} 54. Kf7 {[%clk 0:29:49]} b6 {[%clk 0:13:26]} 55. cxb6+ {[%clk 0:27:51]}
Kxb6 {[%clk 0:13:54]} 56. f6 {[%clk 0:28:11]} d4 {[%clk 0:13:24]} 57. Rd8 {[%clk
0:28:02]} Kc5 {[%clk 0:13:04]} 58. Kg7 {[%clk 0:28:09]} Rg3+ {[%clk 0:10:35]} 59.
Kh7 {[%clk 0:28:29]} Kc4 {[%clk 0:10:24]} 60. f7 {[%clk 0:27:07]} Rf3 {[%clk
0:10:47]} 61. Kg7 {[%clk 0:26:38]} c5 {[%clk 0:10:41]} 62. f8Q {[%clk 0:26:42]}
Rxf8 {[%clk 0:10:56]} 63. Kxf8 {[%clk 0:27:07]} Kb4 {[%clk 0:07:54]} 64. Ke7
{[%clk 0:22:43]} Kxa4 {[%clk 0:06:38]} 65. Kd6 {[%clk 0:20:38]} Kb4 {[%clk
0:07:03]} 66. Ke5 {[%clk 0:19:46]} a4 {[%clk 0:06:05]} 67. Ke4 {[%clk 0:19:21]}
Kc4 {[%clk 0:04:27]} 68. Ra8 {[%clk 0:18:54]} Kb3 {[%clk 0:04:55]} 69. Kd3 {[%clk
0:18:32]} c4+ {[%clk 0:05:19]} 70. Kxd4 {[%clk 0:18:55]} a3 {[%clk 0:05:38]} 71.
Rb8+ {[%clk 0:18:36]} Kc2 {[%clk 0:05:59]} 72. Ra8 {[%clk 0:18:28]} Kb2 {[%clk
0:06:01]} 73. Kxc4 {[%clk 0:18:17]} a2 {[%clk 0:06:29]} 74. Rb8+ {[%clk 0:18:37]}
Kc2 {[%clk 0:06:42]} 75. Ra8 {[%clk 0:18:54]} Kb2 {[%clk 0:07:10]} 76. Rxa2+
{[%clk 0:19:07]} Kxa2 {[%clk 0:07:38]} 1/2-1/2

[Event "46th Greek Team Championship"]
[Site "chess24.com"]
[Date "2018.07.14"]
[Round "6"]
[White "Paraskevas, Georgios"]
[Black "Alexakis, Dimitris"]
[Result "0-1"]
[Board "9"]
[WhiteElo "1634"]
[WhiteCountry "GRE"]
[WhiteFideId "4262131"]
[WhiteEloChange "-2"]
[BlackElo "2232"]
[BlackCountry "GRE"]
[BlackFideId "4277023"]
[BlackEloChange "2"]

1. e4 {[%clk 1:29:59]} c5 {[%clk 1:16:18]} 2. c3 {[%clk 1:30:24]} d5 {[%clk
1:16:45]} 3. exd5 {[%clk 1:30:52]} Qxd5 {[%clk 1:17:08]} 4. d4 {[%clk 1:31:21]}
Nc6 {[%clk 1:17:33]} 5. Nf3 {[%clk 1:31:47]} Bf5 {[%clk 1:18:00]} 6. Be3 {[%clk
1:32:12]} Nf6 {[%clk 1:17:35]} 7. Na3 {[%clk 1:32:11]} e6 {[%clk 1:17:53]} 8.
dxc5 {[%clk 1:27:48]} O-O-O {[%clk 1:17:56]} 9. Bc4 {[%clk 1:21:10]} Qxd1+ {[%clk
1:04:28]} 10. Rxd1 {[%clk 1:21:37]} Rxd1+ {[%clk 1:04:45]} 11. Kxd1 {[%clk
1:22:05]} Ng4 {[%clk 1:04:51]} 12. Nd4 {[%clk 0:47:03]} Be4 {[%clk 1:02:41]} 13.
Ke2 {[%clk 0:25:12]} Bxc5 {[%clk 0:42:12]} 14. Nxe6 {[%clk 0:18:30]} Bxa3 {[%clk
0:41:36]} 15. bxa3 {[%clk 0:18:53]} Nce5 {[%clk 0:41:01]} 16. Ng5 {[%clk
0:14:58]} Bxg2 {[%clk 0:23:25]} 17. Rg1 {[%clk 0:13:50]} Nxc4 {[%clk 0:22:45]}
18. Rxg2 {[%clk 0:13:22]} Ngxe3 {[%clk 0:23:02]} 19. fxe3 {[%clk 0:13:43]} Ne5
{[%clk 0:22:48]} 20. Nf3 {[%clk 0:05:30]} Nxf3 {[%clk 0:20:31]} 21. Kxf3 {[%clk
0:05:59]} g6 {[%clk 0:20:52]} 22. Rg4 {[%clk 0:06:15]} Rd8 {[%clk 0:20:54]} 23.
Rd4 {[%clk 0:05:49]} Re8 {[%clk 0:20:48]} 24. Rh4 {[%clk 0:03:59]} h5 {[%clk
0:20:54]} 25. Rf4 {[%clk 0:04:17]} Re7 {[%clk 0:21:10]} 26. Rf6 {[%clk 0:02:37]}
Rc7 {[%clk 0:21:11]} 27. h4 {[%clk 0:02:49]} Kd8 {[%clk 0:21:38]} 28. Rf4 {[%clk
0:02:53]} Ke7 {[%clk 0:21:58]} 29. c4 {[%clk 0:02:25]} b6 {[%clk 0:22:06]} 30.
Rd4 {[%clk 0:02:24]} Rc5 {[%clk 0:22:09]} 31. Re4+ {[%clk 0:01:37]} Kf8 {[%clk
0:22:19]} 32. Rd4 {[%clk 0:01:41]} Ra5 {[%clk 0:22:34]} 33. Rd3 {[%clk 0:02:06]}
Ke7 {[%clk 0:23:01]} 34. Ke4 {[%clk 0:01:26]} Ke6 {[%clk 0:22:44]} 35. Kd4 {[%clk
0:00:57]} Ra4 {[%clk 0:22:44]} 36. Rb3 {[%clk 0:00:52]} Kd6 {[%clk 0:23:08]} 37.
e4 {[%clk 0:01:00]} Ke6 {[%clk 0:23:10]} 38. e5 {[%clk 0:00:33]} Ra5 {[%clk
0:23:27]} 39. Re3 {[%clk 0:00:52]} Rc5 {[%clk 0:22:33]} 40. Re2 {[%clk 0:30:32]}
Rc7 {[%clk 0:52:53]} 41. Rf2 {[%clk 0:27:48]} Ke7 {[%clk 0:50:02]} 42. Rf6 {[%clk
0:06:07]} Rc5 {[%clk 0:48:28]} 43. Rf2 {[%clk 0:05:41]} Ra5 {[%clk 0:48:53]} 44.
Rf3 {[%clk 0:06:00]} b5 {[%clk 0:41:54]} 45. c5 {[%clk 0:02:26]} Ra4+ {[%clk
0:41:42]} 46. Kd5 {[%clk 0:02:56]} Rxh4 {[%clk 0:41:56]} 47. Kc6 {[%clk 0:02:33]}
Rc4 {[%clk 0:40:31]} 48. Re3 {[%clk 0:01:56]} h4 {[%clk 0:40:14]} 49. Kxb5 {[%clk
0:02:11]} Rc1 {[%clk 0:40:32]} 50. a4 {[%clk 0:01:18]} g5 {[%clk 0:40:50]} 51. a5
{[%clk 0:00:51]} g4 {[%clk 0:40:40]} 52. Re4 {[%clk 0:00:37]} h3 {[%clk 0:41:07]}
53. Rxg4 {[%clk 0:00:54]} h2 {[%clk 0:41:28]} 54. Rh4 {[%clk 0:01:17]} h1Q {[%clk
0:41:54]} 55. Rxh1 {[%clk 0:01:46]} Rxh1 {[%clk 0:42:09]} 56. Ka6 {[%clk
0:02:04]} Kd7 {[%clk 0:42:34]} 57. Kxa7 {[%clk 0:01:13]} Kc7 {[%clk 0:43:00]} 58.
a6 {[%clk 0:00:54]} Ra1 {[%clk 0:43:20]} 59. Ka8 {[%clk 0:00:33]} Rxa2 {[%clk
0:43:45]} 60. a7 {[%clk 0:00:44]} Rh2 {[%clk 0:44:13]} 61. e6 {[%clk 0:01:05]}
Rh3 {[%clk 0:44:13]} 62. e7 {[%clk 0:01:05]} f5 {[%clk 0:44:13]} 63. c6 {[%clk
0:01:05]} Rh8+ {[%clk 0:44:13]} 0-1

[Event "46th Greek Team Championship"]
[Site "chess24.com"]
[Date "2018.07.14"]
[Round "6"]
[White "Trapalis, Theodoros"]
[Black "Yannopapas, Leontios"]
[Result "1-0"]
[Board "10"]
[WhiteElo "1386"]
[WhiteCountry "GRE"]
[WhiteFideId "25854690"]
[WhiteEloChange "9"]
[BlackElo "1366"]
[BlackCountry "GRE"]
[BlackFideId "25863665"]
[BlackEloChange "-9"]

1. d4 {[%clk 1:30:57]} d5 {[%clk 1:29:13]} 2. c4 {[%clk 1:31:19]} c6 {[%clk
1:29:39]} 3. Nf3 {[%clk 1:31:43]} Nf6 {[%clk 1:30:00]} 4. e3 {[%clk 1:31:59]} Bf5
{[%clk 1:30:20]} 5. Nc3 {[%clk 1:32:08]} e6 {[%clk 1:30:35]} 6. Be2 {[%clk
1:31:19]} h6 {[%clk 1:30:16]} 7. O-O {[%clk 1:30:01]} Bd6 {[%clk 1:30:15]} 8. b3
{[%clk 1:26:07]} Qe7 {[%clk 1:27:11]} 9. Bb2 {[%clk 1:24:57]} O-O {[%clk
1:25:49]} 10. Rc1 {[%clk 1:21:45]} Nbd7 {[%clk 1:23:52]} 11. h3 {[%clk 1:10:57]}
Rae8 {[%clk 1:23:06]} 12. Bd3 {[%clk 1:01:50]} Ne4 {[%clk 1:18:56]} 13. Qc2
{[%clk 0:54:00]} Ndf6 {[%clk 1:13:47]} 14. Nd2 {[%clk 0:37:27]} Nxd2 {[%clk
1:11:21]} 15. Qxd2 {[%clk 0:37:48]} Bg6 {[%clk 1:04:44]} 16. Bxg6 {[%clk
0:33:58]} fxg6 {[%clk 1:04:04]} 17. Rfd1 {[%clk 0:27:47]} Nh7 {[%clk 1:00:31]}
18. Qd3 {[%clk 0:21:07]} Rf6 {[%clk 0:58:10]} 19. e4 {[%clk 0:19:40]} Ref8 {[%clk
0:48:24]} 20. Rc2 {[%clk 0:19:07]} Bf4 {[%clk 0:43:58]} 21. exd5 {[%clk 0:15:20]}
Rf5 {[%clk 0:37:50]} 22. Re2 {[%clk 0:11:21]} R8f6 {[%clk 0:30:14]} 23. Rde1
{[%clk 0:09:42]} Nf8 {[%clk 0:26:03]} 24. dxe6 {[%clk 0:09:21]} Nxe6 {[%clk
0:20:44]} 25. d5 {[%clk 0:09:26]} Nc5 {[%clk 0:19:15]} 26. Qd1 {[%clk 0:06:14]}
Qd6 {[%clk 0:17:27]} 27. b4 {[%clk 0:04:47]} Bh2+ {[%clk 0:15:30]} 28. Kh1 {[%clk
0:03:16]} Rxf2 {[%clk 0:13:15]} 29. Rxf2 {[%clk 0:00:57]} Rxf2 {[%clk 0:13:28]}
30. Re2 {[%clk 0:00:51]} Nd3 {[%clk 0:03:53]} 31. Ne4 {[%clk 0:00:42]} Qf4 {[%clk
0:01:31]} 32. Nxf2 {[%clk 0:00:46]} Nxf2+ {[%clk 0:00:48]} 33. Rxf2 {[%clk
0:00:59]} Qxf2 {[%clk 0:01:12]} 34. Bd4 {[%clk 0:00:37]} Qf4 {[%clk 0:00:41]} 35.
Bxa7 {[%clk 0:00:37]} Bg3 {[%clk 0:00:42]} 36. dxc6 {[%clk 0:00:35]} bxc6 {[%clk
0:00:56]} 37. Qf3 {[%clk 0:00:33]} Qc7 {[%clk 0:00:36]} 38. Bc5 {[%clk 0:00:34]}
Qe5 {[%clk 0:00:36]} 39. a4 {[%clk 0:00:39]} Qe1+ {[%clk 0:00:36]} 40. Bg1 {[%clk
0:31:04]} Qxb4 {[%clk 0:30:36]} 41. Qxg3 {[%clk 0:30:35]} Qxc4 {[%clk 0:30:14]}
42. a5 {[%clk 0:28:26]} Qb5 {[%clk 0:28:14]} 43. Qa3 {[%clk 0:27:48]} Qa6 {[%clk
0:28:25]} 44. Qc5 {[%clk 0:27:56]} Qc8 {[%clk 0:28:25]} 45. Qb6 {[%clk 0:28:11]}
g5 {[%clk 0:26:49]} 46. a6 {[%clk 0:28:28]} g4 {[%clk 0:26:53]} 47. a7 {[%clk
0:28:20]} gxh3 {[%clk 0:26:59]} 48. Qb8 {[%clk 0:28:40]} hxg2+ {[%clk 0:27:08]}
49. Kxg2 {[%clk 0:29:04]} Qxb8 {[%clk 0:27:22]} 50. axb8Q+ {[%clk 0:29:26]} 1-0

[Event "46th Greek Team Championship"]
[Site "chess24.com"]
[Date "2018.07.14"]
[Round "6"]
[White "Galunova, Tsveta"]
[Black "Ivanova, Simoneta"]
[Result "1-0"]
[Board "5"]
[WhiteElo "2204"]
[WhiteTitle "WIM"]
[WhiteCountry "FID"]
[WhiteFideId "2909995"]
[WhiteEloChange "7"]
[BlackElo "2091"]
[BlackTitle "WFM"]
[BlackCountry "FID"]
[BlackFideId "2900548"]
[BlackEloChange "-7"]

1. d4 {[%clk 1:29:53]} d5 {[%clk 1:30:55]} 2. c4 {[%clk 1:30:12]} c6 {[%clk
1:30:55]} 3. Nc3 {[%clk 1:30:20]} dxc4 {[%clk 1:28:16]} 4. e4 {[%clk 1:28:24]} b5
{[%clk 1:27:00]} 5. a4 {[%clk 1:27:14]} b4 {[%clk 1:14:07]} 6. Na2 {[%clk
1:25:18]} Nf6 {[%clk 1:12:59]} 7. e5 {[%clk 1:22:48]} Nd5 {[%clk 1:12:54]} 8.
Bxc4 {[%clk 1:22:29]} e6 {[%clk 1:09:25]} 9. Nf3 {[%clk 1:13:56]} Ba6 {[%clk
1:07:28]} 10. Qc2 {[%clk 1:10:33]} Bxc4 {[%clk 1:01:32]} 11. Qxc4 {[%clk
1:11:00]} Nb6 {[%clk 0:59:47]} 12. Qc2 {[%clk 1:02:51]} Qd5 {[%clk 0:58:55]} 13.
b3 {[%clk 1:01:30]} c5 {[%clk 0:50:39]} 14. a5 {[%clk 0:50:27]} N6d7 {[%clk
0:50:54]} 15. Be3 {[%clk 0:48:01]} Nc6 {[%clk 0:47:07]} 16. dxc5 {[%clk 0:25:25]}
Ndxe5 {[%clk 0:45:37]} 17. Nxe5 {[%clk 0:23:39]} Qxe5 {[%clk 0:39:11]} 18. O-O
{[%clk 0:19:35]} Be7 {[%clk 0:38:42]} 19. Qc4 {[%clk 0:18:13]} Qd5 {[%clk
0:32:02]} 20. Qa6 {[%clk 0:17:44]} O-O {[%clk 0:30:44]} 21. Rfd1 {[%clk 0:12:28]}
Qe4 {[%clk 0:30:59]} 22. Rac1 {[%clk 0:09:48]} Rfd8 {[%clk 0:28:56]} 23. Re1
{[%clk 0:09:51]} Qd5 {[%clk 0:25:36]} 24. h3 {[%clk 0:08:06]} Qxb3 {[%clk
0:13:24]} 25. Qxc6 {[%clk 0:08:14]} Qxa2 {[%clk 0:13:43]} 26. Qb7 {[%clk
0:08:02]} Bf6 {[%clk 0:12:50]} 27. c6 {[%clk 0:04:29]} Qxa5 {[%clk 0:10:39]} 28.
c7 {[%clk 0:04:27]} Rdc8 {[%clk 0:09:41]} 29. Qxa8 {[%clk 0:04:36]} Rxa8 {[%clk
0:09:58]} 30. c8Q+ {[%clk 0:05:03]} Rxc8 {[%clk 0:09:57]} 31. Rxc8+ {[%clk
0:05:31]} Bd8 {[%clk 0:09:56]} 32. Rd1 {[%clk 0:05:38]} h6 {[%clk 0:10:03]} 33.
Rdxd8+ {[%clk 0:02:21]} Kh7 {[%clk 0:10:32]} 34. Rd7 {[%clk 0:02:08]} b3 {[%clk
0:04:30]} 35. Rb7 {[%clk 0:02:12]} Qa1+ {[%clk 0:03:31]} 36. Kh2 {[%clk 0:02:25]}
Qe5+ {[%clk 0:03:23]} 37. g3 {[%clk 0:02:38]} a5 {[%clk 0:02:00]} 38. Rxb3 {[%clk
0:02:15]} Qd5 {[%clk 0:01:00]} 39. Ra3 {[%clk 0:02:09]} Qb7 {[%clk 0:00:44]} 40.
Rc5 {[%clk 0:32:14]} Kg6 {[%clk 0:30:42]} 41. Rcxa5 {[%clk 0:30:54]} Qb2 {[%clk
0:29:50]} 42. Ra7 {[%clk 0:30:01]} h5 {[%clk 0:28:46]} 43. h4 {[%clk 0:26:52]} f5
{[%clk 0:23:59]} 44. R3a4 {[%clk 0:23:29]} e5 {[%clk 0:16:52]} 45. R4a6+ {[%clk
0:22:14]} Kh7 {[%clk 0:17:18]} 46. Rb6 {[%clk 0:22:10]} Qe2 {[%clk 0:15:18]} 47.
Rbb7 {[%clk 0:22:00]} f4 {[%clk 0:15:07]} 48. Rxg7+ {[%clk 0:21:39]} Kh6 {[%clk
0:12:25]} 49. gxf4 {[%clk 0:21:36]} e4 {[%clk 0:11:14]} 50. f5+ {[%clk 0:21:13]}
Qxe3 {[%clk 0:11:35]} 51. Rg6# {[%clk 0:21:37]} 1-0

[Event "46th Greek Team Championship"]
[Site "chess24.com"]
[Date "2018.07.14"]
[Round "6"]
[White "Gkaripis, Marios Ilias"]
[Black "Mplitsa, Artemis"]
[Result "1/2-1/2"]
[Board "10"]
[WhiteElo "1374"]
[WhiteCountry "GRE"]
[WhiteFideId "25825801"]
[WhiteEloChange "-5"]
[BlackElo "1182"]
[BlackCountry "GRE"]
[BlackFideId "25811410"]
[BlackEloChange "5"]

1. d4 {[%clk 1:30:56]} d5 {[%clk 1:30:52]} 2. c4 {[%clk 1:31:19]} c6 {[%clk
1:31:09]} 3. Nf3 {[%clk 1:31:19]} Nf6 {[%clk 1:31:19]} 4. e3 {[%clk 1:31:26]} e6
{[%clk 1:31:07]} 5. Nbd2 {[%clk 1:31:43]} Nbd7 {[%clk 1:29:35]} 6. Bd3 {[%clk
1:31:57]} dxc4 {[%clk 1:24:05]} 7. Nxc4 {[%clk 1:32:02]} b5 {[%clk 1:23:51]} 8.
Nce5 {[%clk 1:31:40]} Nxe5 {[%clk 1:23:44]} 9. Nxe5 {[%clk 1:31:34]} Qc7 {[%clk
1:23:15]} 10. Qc2 {[%clk 1:30:35]} Bb4+ {[%clk 1:18:51]} 11. Kf1 {[%clk 1:20:39]}
a6 {[%clk 1:12:35]} 12. Qxc6+ {[%clk 1:13:59]} Qxc6 {[%clk 1:12:37]} 13. Nxc6
{[%clk 1:14:23]} Bd6 {[%clk 1:11:36]} 14. Bd2 {[%clk 1:11:46]} Bb7 {[%clk
1:07:25]} 15. Na5 {[%clk 1:09:20]} Be4 {[%clk 1:05:35]} 16. Be2 {[%clk 0:56:01]}
e5 {[%clk 1:04:04]} 17. f3 {[%clk 0:52:56]} Bg6 {[%clk 1:00:59]} 18. Nb3 {[%clk
0:48:57]} Rc8 {[%clk 0:57:14]} 19. Kf2 {[%clk 0:39:20]} O-O {[%clk 0:49:50]} 20.
Rac1 {[%clk 0:37:37]} Bc2 {[%clk 0:46:01]} 21. Nc5 {[%clk 0:32:14]} Bxc5 {[%clk
0:44:01]} 22. dxc5 {[%clk 0:31:33]} Bg6 {[%clk 0:43:13]} 23. e4 {[%clk 0:29:17]}
Rc6 {[%clk 0:39:32]} 24. b4 {[%clk 0:27:19]} Nd7 {[%clk 0:35:02]} 25. g4 {[%clk
0:26:07]} Rd8 {[%clk 0:33:50]} 26. Rhd1 {[%clk 0:25:12]} Nf8 {[%clk 0:30:56]} 27.
Bc3 {[%clk 0:19:11]} Rxd1 {[%clk 0:26:54]} 28. Bxd1 {[%clk 0:16:32]} f6 {[%clk
0:25:43]} 29. Bb3+ {[%clk 0:16:51]} Bf7 {[%clk 0:25:57]} 30. Bd5 {[%clk 0:17:12]}
Rc7 {[%clk 0:24:36]} 31. Rd1 {[%clk 0:16:17]} Ng6 {[%clk 0:22:34]} 32. Bxf7+
{[%clk 0:14:11]} Kxf7 {[%clk 0:22:46]} 33. Rd6 {[%clk 0:14:06]} Ra7 {[%clk
0:22:04]} 34. Rb6 {[%clk 0:12:48]} Ne7 {[%clk 0:21:40]} 35. c6 {[%clk 0:05:48]}
Rc7 {[%clk 0:17:03]} 36. Rxa6 {[%clk 0:05:16]} Rxc6 {[%clk 0:17:25]} 37. Rxc6
{[%clk 0:05:25]} Nxc6 {[%clk 0:17:49]} 38. Ke3 {[%clk 0:04:50]} Ke6 {[%clk
0:14:30]} 39. Kd3 {[%clk 0:02:55]} Kd6 {[%clk 0:13:11]} 40. Ke3 {[%clk 0:30:58]}
Ke6 {[%clk 0:37:49]} 41. a3 {[%clk 0:28:50]} Kd6 {[%clk 0:33:04]} 42. f4 {[%clk
0:27:10]} g6 {[%clk 0:25:22]} 43. fxe5+ {[%clk 0:21:05]} fxe5 {[%clk 0:18:01]}
44. h4 {[%clk 0:17:09]} h5 {[%clk 0:14:35]} 45. g5 {[%clk 0:15:43]} Ke6 {[%clk
0:14:28]} 46. Kd3 {[%clk 0:13:31]} 1/2-1/2

[Event "46th Greek Team Championship"]
[Site "chess24.com"]
[Date "2018.07.14"]
[Round "6"]
[White "Loutragotis, Dimitrios"]
[Black "Papakonstantinou, Dimitrios 2"]
[Result "1/2-1/2"]
[Board "8"]
[WhiteElo "2173"]
[WhiteCountry "GRE"]
[WhiteFideId "4268458"]
[WhiteEloChange "-4"]
[BlackElo "2028"]
[BlackCountry "GRE"]
[BlackFideId "4250990"]
[BlackEloChange "4"]

1. e4 {[%clk 1:30:56]} c5 {[%clk 1:30:55]} 2. Nf3 {[%clk 1:31:19]} d6 {[%clk
1:31:19]} 3. d4 {[%clk 1:31:44]} cxd4 {[%clk 1:31:45]} 4. Nxd4 {[%clk 1:32:07]}
Nf6 {[%clk 1:32:12]} 5. Nc3 {[%clk 1:32:30]} a6 {[%clk 1:32:38]} 6. h3 {[%clk
1:32:35]} e5 {[%clk 1:32:17]} 7. Nde2 {[%clk 1:32:47]} h5 {[%clk 1:30:41]} 8. Bg5
{[%clk 1:33:09]} Be6 {[%clk 1:30:31]} 9. Bxf6 {[%clk 1:33:27]} Qxf6 {[%clk
1:30:57]} 10. Nd5 {[%clk 1:33:50]} Qd8 {[%clk 1:31:22]} 11. Nec3 {[%clk 1:34:14]}
Nc6 {[%clk 1:31:06]} 12. Qd3 {[%clk 1:32:06]} g6 {[%clk 1:23:16]} 13. O-O-O
{[%clk 1:32:01]} Bh6+ {[%clk 1:23:34]} 14. Kb1 {[%clk 1:32:24]} O-O {[%clk
1:23:32]} 15. Be2 {[%clk 1:29:43]} Rc8 {[%clk 1:16:14]} 16. Rhg1 {[%clk 1:12:48]}
Nd4 {[%clk 1:05:35]} 17. g4 {[%clk 0:59:36]} h4 {[%clk 1:02:30]} 18. g5 {[%clk
0:50:55]} Bxg5 {[%clk 0:55:04]} 19. f4 {[%clk 0:50:53]} Bxd5 {[%clk 0:22:56]} 20.
Nxd5 {[%clk 0:50:55]} Nxe2 {[%clk 0:22:33]} 21. Qxe2 {[%clk 0:47:09]} Bxf4 {[%clk
0:22:19]} 22. Qg4 {[%clk 0:44:42]} Rc5 {[%clk 0:19:07]} 23. Nxf4 {[%clk 0:43:31]}
exf4 {[%clk 0:19:36]} 24. Qxf4 {[%clk 0:43:49]} Re5 {[%clk 0:12:13]} 25. Rg4
{[%clk 0:42:22]} Kg7 {[%clk 0:04:10]} 26. Rxh4 {[%clk 0:41:21]} Qg5 {[%clk
0:04:38]} 27. Rxd6 {[%clk 0:23:49]} Qxf4 {[%clk 0:05:07]} 28. Rxf4 {[%clk
0:24:17]} f5 {[%clk 0:05:36]} 29. Kc1 {[%clk 0:22:28]} Rxe4 {[%clk 0:03:57]} 30.
Rxe4 {[%clk 0:22:37]} fxe4 {[%clk 0:04:26]} 31. Re6 {[%clk 0:20:13]} Rf1+ {[%clk
0:02:36]} 32. Kd2 {[%clk 0:20:35]} Rf2+ {[%clk 0:02:59]} 33. Kd1 {[%clk 0:19:58]}
Rh2 {[%clk 0:00:34]} 34. Rxe4 {[%clk 0:20:06]} Kf7 {[%clk 0:00:35]} 35. Rb4
{[%clk 0:17:34]} b5 {[%clk 0:00:35]} 36. h4 {[%clk 0:17:51]} Rh1+ {[%clk
0:00:51]} 37. Ke2 {[%clk 0:15:35]} Rh2+ {[%clk 0:01:20]} 38. Kd1 {[%clk 0:09:55]}
1/2-1/2

[Event "46th Greek Team Championship"]
[Site "chess24.com"]
[Date "2018.07.14"]
[Round "6"]
[White "Manelidis, Savvas"]
[Black "Vlahos, Kiriakos"]
[Result "1/2-1/2"]
[Board "4"]
[WhiteElo "2090"]
[WhiteCountry "GRE"]
[WhiteFideId "4210433"]
[WhiteEloChange "5"]
[BlackElo "2293"]
[BlackTitle "FM"]
[BlackCountry "GRE"]
[BlackFideId "4200594"]
[BlackEloChange "-5"]

1. e4 {[%clk 1:30:37]} e5 {[%clk 1:30:48]} 2. Nf3 {[%clk 1:30:57]} Nc6 {[%clk
1:31:09]} 3. Bc4 {[%clk 1:31:21]} Bc5 {[%clk 1:31:29]} 4. c3 {[%clk 1:31:04]} Nf6
{[%clk 1:31:51]} 5. d3 {[%clk 1:31:28]} a6 {[%clk 1:32:15]} 6. b4 {[%clk
1:30:33]} Ba7 {[%clk 1:32:08]} 7. O-O {[%clk 1:30:27]} d6 {[%clk 1:31:50]} 8.
Nbd2 {[%clk 1:27:21]} O-O {[%clk 1:31:55]} 9. Re1 {[%clk 1:22:52]} Ne7 {[%clk
1:31:15]} 10. Nf1 {[%clk 1:22:43]} Ng6 {[%clk 1:31:33]} 11. a4 {[%clk 1:17:32]}
c6 {[%clk 1:26:51]} 12. Bb3 {[%clk 1:17:35]} Re8 {[%clk 1:26:37]} 13. Ra2 {[%clk
1:17:49]} Be6 {[%clk 1:24:59]} 14. Ng3 {[%clk 1:14:17]} h6 {[%clk 1:21:45]} 15.
d4 {[%clk 1:03:27]} d5 {[%clk 0:58:42]} 16. Nxe5 {[%clk 0:53:38]} Nxe5 {[%clk
0:55:01]} 17. dxe5 {[%clk 0:53:35]} Nxe4 {[%clk 0:55:17]} 18. Nxe4 {[%clk
0:53:43]} dxe4 {[%clk 0:55:39]} 19. Bxe6 {[%clk 0:54:02]} Rxe6 {[%clk 0:47:32]}
20. Bf4 {[%clk 0:45:10]} Qd3 {[%clk 0:42:13]} 21. Qxd3 {[%clk 0:41:02]} exd3
{[%clk 0:42:38]} 22. Rd2 {[%clk 0:41:25]} Rd8 {[%clk 0:42:36]} 23. Red1 {[%clk
0:41:30]} g5 {[%clk 0:40:37]} 24. Bg3 {[%clk 0:40:14]} f5 {[%clk 0:32:28]} 25.
exf6 {[%clk 0:37:31]} Re2 {[%clk 0:32:24]} 26. h4 {[%clk 0:25:24]} Rxd2 {[%clk
0:31:49]} 27. Rxd2 {[%clk 0:25:52]} Kf7 {[%clk 0:32:11]} 28. hxg5 {[%clk
0:24:59]} hxg5 {[%clk 0:32:36]} 29. Bc7 {[%clk 0:19:57]} Rd7 {[%clk 0:31:29]} 30.
Be5 {[%clk 0:20:24]} Rd5 {[%clk 0:31:39]} 31. Bc7 {[%clk 0:19:11]} Kxf6 {[%clk
0:27:24]} 32. g4 {[%clk 0:18:39]} Rd7 {[%clk 0:26:58]} 33. Bg3 {[%clk 0:18:45]}
b5 {[%clk 0:19:52]} 34. axb5 {[%clk 0:16:21]} axb5 {[%clk 0:13:13]} 35. Kg2
{[%clk 0:16:45]} c5 {[%clk 0:13:28]} 36. bxc5 {[%clk 0:14:39]} Bxc5 {[%clk
0:13:30]} 37. Kf3 {[%clk 0:15:08]} b4 {[%clk 0:13:49]} 38. cxb4 {[%clk 0:02:41]}
Bxb4 {[%clk 0:14:13]} 39. Rd1 {[%clk 0:03:11]} d2 {[%clk 0:14:24]} 40. Ke4 {[%clk
0:32:15]} Re7+ {[%clk 0:37:12]} 41. Kd3 {[%clk 0:32:44]} 1/2-1/2